El amor es el placer de la maldad : (Registro nro. 14149)

Detalles MARC
000 -LEADER
fixed length control field 00962nam a2200289 a 4500
001 - CONTROL NUMBER
control field
003 - CONTROL NUMBER IDENTIFIER
control field DO-SdBNP
005 - DATE AND TIME OF LATEST TRANSACTION
control field 20220407123928.0
008 - FIXED-LENGTH DATA ELEMENTS--GENERAL INFORMATION
fixed length control field 100115s2006 dr a 000 j spa d
020 ## - INTERNATIONAL STANDARD BOOK NUMBER
International Standard Book Number 9789945404105
040 ## - CATALOGING SOURCE
Original cataloging agency DO-SdBNP
Language of cataloging spa
Transcribing agency BPMSU
082 ## - DEWEY DECIMAL CLASSIFICATION NUMBER
Classification number RD863.44
Item number P379a 2006
Edition number 22
100 1# - MAIN ENTRY--PERSONAL NAME
Personal name Peix, Pedro,
Dates associated with a name 1952-
245 13 - TITLE STATEMENT
Title El amor es el placer de la maldad :
Remainder of title relatos 1976- 2006 /
Statement of responsibility, etc. Pedro Peix ; compilación Jimmy Hungría.
246 14 - VARYING FORM OF TITLE
Title proper/short title El amor es el placer de la maldad
260 ## - PUBLICATION, DISTRIBUTION, ETC. (IMPRINT)
Place of publication, distribution, etc. Santo Domingo :
Name of publisher, distributor, etc. Dirección General de la Feria del Libro,
Date of publication, distribution, etc. 2006.
300 ## - PHYSICAL DESCRIPTION
Extent 573 p. ;
Dimensions 23 cm.
Other physical details
490 0# - SERIES STATEMENT
Series statement Ediciones Ferilibro,
Volume/sequential designation 86
500 ## - GENERAL NOTE
General note Incluye datos biográficos del autor en la solapa de la cubierta
590 ## - LOCAL NOTE (RLIN)
Local note Inventariado, 2022/VM
650 #4 - SUBJECT ADDED ENTRY--TOPICAL TERM
Topical term or geographic name as entry element Cuentos dominicanos
650 #4 - SUBJECT ADDED ENTRY--TOPICAL TERM
Topical term or geographic name as entry element Literatura dominicana.
700 12 - ADDED ENTRY--PERSONAL NAME
Personal name Hungría, Jimmy,
Relator term comp.
830 #0 - SERIES ADDED ENTRY--UNIFORM TITLE
Uniform title Ediciones Ferilibro
Volume number/sequential designation 86
910 ## - USER-OPTION DATA (OCLC)
User-option data VMateo V.
942 ## - ADDED ENTRY ELEMENTS (KOHA)
Source of classification or shelving scheme Dewey Decimal Classification
Koha item type Libros
Existencias
Withdrawn status Lost status Source of classification or shelving scheme Damaged status Not for loan Collection code Home library Current library Date acquired Full call number Barcode Date last seen Price effective from Koha item type
    Dewey Decimal Classification     Colección Dominicana Biblioteca Pública Metropolitana Salomé Ureña Biblioteca Pública Metropolitana Salomé Ureña 04/07/2022 BPMSU CD RD863.44 P379a 2006 BPMSU22040023 04/07/2022 04/07/2022 Libros